000 00731nam a2200265Ia 4500
003 OSt
005 20221006151009.0
006 a|||||r|||| 00| 0
007 ta
008 221006b |||||||| |||| 00| 0 jpn d
020 _c¥4800
024 _a20,584
037 _bGift, Japan Foundation
_cTextual
040 _aEASL
_cEASL
_bjpn
041 _2jpn
_ajpn
082 _aX0aY31:7.41, M5
100 _aHARADA Toshiman
_9658052
245 0 _aKinsei sanraku no keizai to shakai
260 _aTokyo
_bYamakawa Shuppan Japan
_c1985
300 _a450p.
_ccm.
490 _v JL
650 _aJL
942 _hX0aY31:7.41, M5
_cTEXL
_2CC
999 _c1088670
_d1088670